000 00583nam a2200205Ii 4500
001 6263
003 CO-ViMGA
008 241108s9999||||xx |||||||||||||| ||und||
040 _aCO-ViMGA
_bspa
_erda
_cCO-ViMGA
041 0 _aspa
084 _aP HER17s
100 1 _aOlgia de Polo Hernández Pelayo
_950914
245 1 0 _aSiglo de esquizofrenia
264 1 _aBogotá, Colombia : Sandino, 1992
300 _avolumen
336 _atext
_btxt
_2rdacontent
337 _aunmediated
_bn
_2rdamedia
338 _avolume
_bnc
_2rdacarrier
940 _aidficha_siabuc: 6115. -- ficha_no_siabuc:6263
999 _c45613
_d45613